000 00510nmm a2200157Ia 4500
008 251105s9999||||xx |||||||||||||||||und||
020 _a9788425228858
041 _aspa
100 _aKleon, Austin
245 0 _aAprende a promocionar tu trabajo :
_b 10 recursos para artistas, diseñadores y creativos
264 _a[Madrid, España] :
_bEditorial Gustavo Gili,
_c2016
300 _a71 páginas
650 _aEconomics and Business
856 _uhttps://public.digitaliapublishing.com/a/41275
942 _cCF
999 _c80317
_d80317